Hands on JavaBeans / (Record no. 61873)
[ view plain ]
| 000 -LEADER | |
|---|---|
| fixed length control field | 01024cam a2200277 a 4500 |
| 001 - CONTROL NUMBER | |
| control field | 1183872 |
| 003 - CONTROL NUMBER IDENTIFIER | |
| control field | NUST-PNEC |
| 005 - DATE AND TIME OF LATEST TRANSACTION | |
| control field | 20170116180733.0 |
| 008 - FIXED-LENGTH DATA ELEMENTS--GENERAL INFORMATION | |
| fixed length control field | 970715s1997 caua 001 0 eng |
| 010 ## - LIBRARY OF CONGRESS CONTROL NUMBER | |
| LC control number | 97066155 |
| 020 ## - INTERNATIONAL STANDARD BOOK NUMBER | |
| International Standard Book Number | 0761510478 |
| 040 ## - CATALOGING SOURCE | |
| Original cataloging agency | DLC |
| Transcribing agency | PNEC |
| 050 00 - LIBRARY OF CONGRESS CALL NUMBER | |
| Classification number | QA76.73.J38 |
| Item number | A45 1997 |
| 082 00 - DEWEY DECIMAL CLASSIFICATION NUMBER | |
| Classification number | 005.133 ALL |
| Edition number | 21 |
| 100 1# - MAIN ENTRY--PERSONAL NAME | |
| Personal name | Allen, Mitch. |
| 245 10 - TITLE STATEMENT | |
| Title | Hands on JavaBeans / |
| Statement of responsibility, etc. | Mitch Allen, John B. Harvie. |
| 260 ## - PUBLICATION, DISTRIBUTION, ETC. | |
| Place of publication, distribution, etc. | Rocklin, CA : |
| Name of publisher, distributor, etc. | Prima Pub., |
| Date of publication, distribution, etc. | c1997. |
| 300 ## - PHYSICAL DESCRIPTION | |
| Extent | xxiv, 447 p. : |
| Other physical details | ill. ; |
| Dimensions | 24 cm. |
| 500 ## - GENERAL NOTE | |
| General note | Includes index. |
| 630 00 - SUBJECT ADDED ENTRY--UNIFORM TITLE | |
| Uniform title | JavaBeans. |
| 650 #0 - SUBJECT ADDED ENTRY--TOPICAL TERM | |
| Topical term or geographic name entry element | Java (Computer program language) |
| General subdivision | MIS, Computer |
| 856 ## - ELECTRONIC LOCATION AND ACCESS | |
| Uniform Resource Identifier | <a href="http://www.amazon.com/Hands-Javabeans-Mitch-Allen/dp/0761510478/ref=sr_1_1?s=books&ie=UTF8&qid=1416463546&sr=1-1&keywords=0761510478">http://www.amazon.com/Hands-Javabeans-Mitch-Allen/dp/0761510478/ref=sr_1_1?s=books&ie=UTF8&qid=1416463546&sr=1-1&keywords=0761510478</a> |
| 906 ## - LOCAL DATA ELEMENT F, LDF (RLIN) | |
| a | 7 |
| b | cbc |
| c | orignew |
| d | 2 |
| e | opcn |
| f | 19 |
| g | y-gencatlg |
| 942 ## - ADDED ENTRY ELEMENTS (KOHA) | |
| Source of classification or shelving scheme | |
| Koha item type | Book |
| Withdrawn status | Lost status | Source of classification or shelving scheme | Damaged status | Not for loan | Permanent Location | Current Location | Shelving location | Date acquired | Source of acquisition | Cost, normal purchase price | Total Checkouts | Full call number | Barcode | Date last seen | Cost, replacement price | Price effective from | Koha item type |
|---|---|---|---|---|---|---|---|---|---|---|---|---|---|---|---|---|---|
| Pakistan Navy Engineering College (PNEC) | Pakistan Navy Engineering College (PNEC) | 09/12/2000 | NUST PC-1 | 344.00 | 005.133 ALL | PNECLIB-022712 | 11/20/2014 | 344.00 | 09/12/2000 | Book | |||||||
| Pakistan Navy Engineering College (PNEC) | Pakistan Navy Engineering College (PNEC) | 09/12/2000 | - | 344.00 | 005.133 ALL | PNECLIB-022797 | 11/24/2014 | 344.00 | 09/12/2000 | Book |
